000 004950000a22001810004500
003 MACL
005 20160305135509.0
008 160305b xxu||||| |||| 00| 0 eng d
040 _aMACL
_cMACL
041 _aHindi
082 _a891.432
100 _aरनेश उपाध्‍याय
_943088
245 _aपेपरवेट
260 _bपराग प्रकाशन
_c1981
_aदिल्‍ली
350 _a20
650 _aDrama
_943089
942 _cHIN
_k891.432
_2ddc
999 _c29106
_d29106